000 01212nam a22003614a 4500
001 ESSALUD
007 ta
008 t1983 pe gr 00| 0 spa d
040 _aESSALUD
041 _aspa
043 _cpe
082 _a368.4201
_bIN59/1983
110 _aInstituto Peruano de Seguridad Social. Oficina de Actuariado y Estadística
_eautor
_942751
245 _aBoletín estadístico de prestaciones de salud: año 1983
250 _a1 ed.
260 _aLima :
_bIPSS,
_c1983
300 _a71 páginas
650 _aESTADÍSTICAS DE ATENCIÓN MÉDICA
_911557
650 _aESTADÍSTICAS HOSPITALARIAS
_943336
650 _aATENCIÓN AMBULATORIA
650 _aACCIDENTES DE TRABAJO
_92907
650 _aENFERMEDADES PROFESIONALES
_914771
650 _aSEGURIDAD SOCIAL
_92070
653 _aPRESTACIONES ECONÓMICAS
700 _aAnhuamán Ramón, Ana María
_930149
700 _aDongo Huamán, Gilda Yolanda
_952882
700 _aGuillén Gallegos, Melquiades
_952883
700 _aLi Quispe, Juan Carlos
_944466
700 _aSerrano Gallardo, Marcela
_944210
700 _aTapia Villalta, Eusebio
_952884
700 _aVallejos Arce, Rosaura
_944213
942 _cBK
_e2026-06-24
_zAFC
999 _c22550
_d22550